"2000'e doğru Türkiye'de sosyal güvenlik sisteminin geleceği" (forum) (Record no. 5547)

MARC details
000 -BAŞLIK
Sabit Uzunlukta Kontrol Alanı 00820na a2200229 4500
001 - KONTROL NUMARASI
Denetim Alanı 18645
003 - KONTROL NUMARASI IDENTIFIER
Denetim Alanı MIRAKIL
005 - SON İŞLEM TARİHİ VE ZAMANI
Denetim Alanı 20181213155040.0
008 - SABİT-BOY VERİ ELEMANLARI - GENEL BİLGİLER
Sabit Uzunlukta Kontrol Alanı 161123b tu 000 0
035 ## - SİSTEM KONTROL NUMARASI
Sistem Kontrol Numarası 18645
040 ## - KATALOGLAMA KAYNAK
Orijinal Kataloglama Ajansı Milas
Kataloglama Dili tur
Metne Dönüştürmek Ajansı TR-AnCHP
041 ## - DİL KODU
Metin / Ses Parça Veya Ayrı Başlığın Dil Kodu tur
082 ## - DEWEY ONLU SINIFLANDIRMA NUMARASI
Sınıflandırma Numarası 330.9561
Ürün Numarası İ45 1997
090 ## - SINIFLAMA NUMARASI
Sınıflama Numarası 330.9561 İ45 1997
111 ## - ANA GİRİŞ - TOPLANTI ADI
Giriş Elemanı Olarak Toplantı Adı Veya Yargı Alanı Adı "2000'e Doğru Türkiye'de Sosyal Güvenlik Sisteminin Geleceği" (Forum)
Toplantının Yeri Ankara
Toplantı Veya Antlaşma İmzalandığı Tarihi 1997
245 ## - BAŞLIK TABLOSU
Başlık "2000'e doğru Türkiye'de sosyal güvenlik sisteminin geleceği" (forum)
Sorumluluk Tablosu, Vb yayına hazırlayan İsmail İlmi Kıdeyş
260 ## - YAYIN, DAĞITIM, VB
Yayın, Dağıtım, Vb Yeri Ankara
Yayıncı, Dağıtıcı, Vs Adı Hak-İş Konfederasyonu Eğitim Yayınları
Yayın, Dağıtım, Vb Tarihi 1997
300 ## - FİZİKSEL TANIM
Kapsam 145 s.
Diğer Fiziksel Ayrıntıları fotg.
Boyutlar 24 sm.
490 ## - SERİSİ TABLOSU
Seri Beyanı Hak-İş Konfederasyonu Eğitim Yayınları
Hacim / Ardışık Tanımı 23
650 ## - KONU KATMA GİRİŞ - TOPİKAL DÖNEM
Topikal Süreli Veya Coğrafi Ad Giriş Elemanı Sosyal güvenlik
Genel Alt Bölümü Toplantılar
Coğrafi Alt Bölümü Türkiye
942 ## - EKLENDİ GİRİŞ ELEMANLARI (KOHA)
Sınıflandırma Veya Raf Düzeni Kaynak
Koha Öğesi Türü Books
999 ## - SİSTEM KONTROL NUMARALARI (KOHA)
Koha Biblionumber 5547
Koha Biblioitemnumber 5547
Holdings
Kalıcı Konum Mevcut Konum Edinme Tarihi Edinim Kaynak Toplam Check-Out'Lar Tam Çağrı Numarası Barkod Tarih Son Görülme İtibaren Geçerli Fiyatlar Koha Öğesi Türü Kopya Sayısı
CHP Kütüphanesi CHP Kütüphanesi 11/23/2016 Bağış   330.9561 İ45 1997 009635 11/23/2016 11/23/2016 Books  
CHP Kütüphanesi CHP Kütüphanesi 11/23/2016 Bağış   330.9561 İ45 1997 009636 11/23/2016 11/23/2016 Books k.2